Mỹ thuật Trung Quốc

Zapisane w:
Opis bibliograficzny
1. autor: Đặng Phúc Tinh
Format: Książka
Język:Undetermined
Wydane: H. Thế Giới 2001
Hasła przedmiotowe:
Etykiety: Dodaj etykietę
Nie ma etykietki, Dołącz pierwszą etykiete!
Thư viện lưu trữ: Trung tâm Học liệu Trường Đại học Cần Thơ
LEADER 00523nam a2200181Ia 4500
001 CTU_54654
008 210402s9999 xx 000 0 und d
020 |b 52000 
082 |a 709.591 
082 |b T312 
100 |a Đặng Phúc Tinh 
245 0 |a Mỹ thuật Trung Quốc 
245 0 |c Đặng Phúc Tinh và Hoàng Lan; Bùi Hữu Hồng dịch 
260 |a H. 
260 |b Thế Giới 
260 |c 2001 
650 |a art, chinese 
980 |a Trung tâm Học liệu Trường Đại học Cần Thơ